Advances in formal Slavic linguistics 2017
| Titel: | Advances in formal Slavic linguistics 2017 / Franc Marušič, Petra Mišmaš, Rok Žaucer |
|---|---|
| Verfasser: | ; ; |
| Veröffentlicht: | Berlin : Freie Universität Berlin, 2020 |
| Umfang: | Online-Ressource |
| Format: | E-Book |
| Sprache: | Englisch |
| Schriftenreihe/ mehrbändiges Werk: |
Open Slavic Linguistics ; 3 |
| RVK-Notation: |
·
·
|
| Andere Ausgaben: |
Erscheint auch als Druck-Ausgabe: Advances in formal Slavic linguistics 2017. - Berlin : Freie Universität Berlin Universitätsbibliothek, 2020. - 414 Seiten
|
X
alg: 46669223 001A $06000:09-07-20 001B $06055:14-03-26 $t21:56:14.000 001D $06000:09-07-20 001U $0utf8 001X $00 002@ $0Oax 002C $aText $btxt $2rdacontent 002D $aComputermedien $bc $2rdamedia 002E $aOnline-Ressource $bcr $2rdacarrier 003@ $0466692234 004P $010.17169/refubium-27310 004U $0urn:nbn:de:kobv:188-refubium-27555-9 006G $01211344274 006U $020,O07 $f20200602 007A $01211344274 $aDNB 009Q $uhttps://doi.org/10.17169/refubium-27310 $xR 009Q $uhttps://nbn-resolving.org/urn:nbn:de:kobv:188-refubium-27555-9 $xR 009Q $S0 $uhttps://refubium.fu-berlin.de/handle/fub188/27555 $xH 010@ $aeng 011@ $a2020 $n2020 013D $RWissenschaftliche Literatur $RAufsatzsammlung $#Konferenzbericht $D20251120 $Ecgmnf $71071861417 $8Konferenzschrift [Tsz] $9359646190 021A $aAdvances in formal Slavic linguistics 2017 $hFranc Marušič, Petra Mišmaš, Rok Žaucer 028A $BVerfasser $#Marušič, Franc Lanko $4aut $D20231015 $Ecgwrk $7139821376 $8Marušič, Franc$Z1974- [Tp3] $921818199X 028C $aMišmaš $BVerfasser $dPetra $4aut 028C $BVerfasser $4aut $D20231015 $Ecgwrk $71122224664 $8Žaucer, Rok [Tp3] $9397067607 033A $pBerlin $05032221-7 $nFreie Universität Berlin 034D $aOnline-Ressource 036E $aOpen Slavic Linguistics $l3 037A $aIn: https://doi.org/10.5281/zenodo.3763740 039D $aErscheint auch als $tAdvances in formal Slavic linguistics 2017 $dBerlin $eFreie Universität Berlin Universitätsbibliothek $f2020 $h414 Seiten $nDruck-Ausgabe 044K $RBaltoslawische Sprachen $RIndogermanische Sprachen $RNichtslawische Sprachen $#Slavic languages $#Langues slaves $#Lingue slave $#Lenguas eslavas $#Slawische Sprachen $#Slavische Sprachen $#Slawisch Sprachfamilie $#Slavisch Sprachfamilie $D20251120 $Ecgmnf $74120036-6 $8Slawische Sprachen [Ts1] $9085381241 044K $#Grammar, Comparative and general Syntax $#Syntax $#Syntaxe $#Sintassi $#Sintaxis $#Syntax $#Syntax $#Satzbau $#Satzkonstruktion $#Satzlehre $D20251120 $Ecgmnf $74058779-4 $8Syntax [Ts1] $9085163449 044K $RGrammatik $#Generative grammar $#Grammaire générative $#Grammatica generativa $#Gramática generativa $#GG $D20251120 $Ecgmnf $74113707-3 $8Generative Grammatik [Ts1] $908533717X 045E $c491.8 045Z $D20251120 $Ecgmnf $8KD 1551 [Tkv] $9409136271 045Z $D20251120 $Ecgmnf $8KD 1560 [Tkv] $9409136336 045Z $D20251120 $Ecgmnf $8KD 1140 [Tkv] $9409135372 lok: 46669223 3 exp: 46669223 3 1 #EPN 201B/01 $009-07-20 $t22:58:52.677 201C/01 $009-07-20 201U/01 $0utf8 203@/01 $01114664871 208@/01 $a09-07-20 $bl 209S/01 $S0 $uhttps://refubium.fu-berlin.de/handle/fub188/27555 $XH lok: 46669223 5 exp: 46669223 5 1 #EPN 201B/01 $011-02-22 $t18:27:22.257 201C/01 $011-02-22 201U/01 $0utf8 203@/01 $01182391192 208@/01 $a11-02-22 $bl 209S/01 $S0 $uhttps://refubium.fu-berlin.de/handle/fub188/27555 $XH lok: 46669223 8 exp: 46669223 8 1 #EPN 201B/01 $009-07-20 $t22:58:52.682 201C/01 $009-07-20 201U/01 $0utf8 203@/01 $0111466488X 208@/01 $a09-07-20 $bl 209S/01 $S0 $uhttps://refubium.fu-berlin.de/handle/fub188/27555 $XH lok: 46669223 11 exp: 46669223 11 1 #EPN 201B/01 $009-07-20 $t22:58:52.686 201C/01 $009-07-20 201U/01 $0utf8 203@/01 $01114664898 208@/01 $a09-07-20 $bl 209S/01 $S0 $uhttps://refubium.fu-berlin.de/handle/fub188/27555 $XH lok: 46669223 21 exp: 46669223 21 1 #EPN 201B/01 $009-07-20 $t22:58:52.694 201C/01 $009-07-20 201U/01 $0utf8 203@/01 $0111466491X 208@/01 $a09-07-20 $bl 209S/01 $S0 $uhttps://refubium.fu-berlin.de/handle/fub188/27555 $XH lok: 46669223 23 exp: 46669223 23 1 #EPN 201B/01 $009-07-20 $t22:58:52.698 201C/01 $009-07-20 201U/01 $0utf8 203@/01 $01114664928 208@/01 $a09-07-20 $bl 209S/01 $S0 $uhttps://refubium.fu-berlin.de/handle/fub188/27555 $XH lok: 46669223 24 exp: 46669223 24 1 #EPN 201B/01 $009-07-20 $t22:58:52.705 201C/01 $009-07-20 201U/01 $0utf8 203@/01 $01114664936 208@/01 $a09-07-20 $bl 209S/01 $S0 $uhttps://refubium.fu-berlin.de/handle/fub188/27555 $XH lok: 46669223 25 exp: 46669223 25 1 #EPN 201B/01 $009-07-20 $t22:58:52.709 201C/01 $009-07-20 201U/01 $0utf8 203@/01 $01114664944 208@/01 $a09-07-20 $bl 209S/01 $S0 $uhttps://refubium.fu-berlin.de/handle/fub188/27555 $XH lok: 46669223 49 exp: 46669223 49 1 #EPN 201B/01 $009-07-20 $t22:58:52.713 201C/01 $009-07-20 201U/01 $0utf8 203@/01 $01114664952 208@/01 $a09-07-20 $bl 209S/01 $S0 $uhttps://refubium.fu-berlin.de/handle/fub188/27555 $XH lok: 46669223 204 exp: 46669223 204 1 #EPN 201B/01 $009-07-20 $t22:58:52.721 201C/01 $009-07-20 201U/01 $0utf8 203@/01 $01114664979 208@/01 $a09-07-20 $bl 209S/01 $S0 $uhttps://refubium.fu-berlin.de/handle/fub188/27555 $XH lok: 46669223 205 exp: 46669223 205 1 #EPN 201B/01 $009-07-20 $t22:58:52.726 201C/01 $009-07-20 201U/01 $0utf8 203@/01 $01114664987 208@/01 $a09-07-20 $bl 209S/01 $S0 $uhttps://refubium.fu-berlin.de/handle/fub188/27555 $XH
| LEADER | 00000cam a22000002c 4500 | ||
|---|---|---|---|
| 001 | 466692234 | ||
| 003 | DE-603 | ||
| 005 | 20260314215614.0 | ||
| 007 | cr|||||||||||| | ||
| 008 | 200709s2020 xx |||| o| u10||u|eng | ||
| 015 | |a 20,O07 |2 dnb | ||
| 016 | 7 | |2 DE-101 |a 1211344274 | |
| 024 | 7 | |a 10.17169/refubium-27310 |2 doi | |
| 024 | 7 | |a urn:nbn:de:kobv:188-refubium-27555-9 |2 urn | |
| 035 | |a (DE-599)DNB1211344274 | ||
| 040 | |a DE-603 |b ger |c DE-603 |d DE-603 | ||
| 041 | |a eng | ||
| 084 | |a 491.8 |q DE-101 |2 sdnb | ||
| 084 | |a KD 1551 |0 (DE-625)71924: |0 (DE-603)409136271 |2 rvk | ||
| 084 | |a KD 1560 |0 (DE-625)71930: |0 (DE-603)409136336 |2 rvk | ||
| 084 | |a KD 1140 |0 (DE-625)71834: |0 (DE-603)409135372 |2 rvk | ||
| 100 | 1 | |a Marušič, Franc |d 1974- |e Verfasser |4 aut |0 (DE-603)21818199X |0 (DE-588)139821376 |2 gnd | |
| 245 | 0 | 0 | |a Advances in formal Slavic linguistics 2017 |c Franc Marušič, Petra Mišmaš, Rok Žaucer |
| 264 | 1 | |a Berlin |b Freie Universität Berlin |c 2020 | |
| 300 | |a Online-Ressource | ||
| 336 | |a Text |b txt |2 rdacontent | ||
| 337 | |a Computermedien |b c |2 rdamedia | ||
| 338 | |a Online-Ressource |b cr |2 rdacarrier | ||
| 490 | 0 | |a Open Slavic Linguistics |v 3 | |
| 500 | |a In: https://doi.org/10.5281/zenodo.3763740 | ||
| 650 | 7 | |a Slawische Sprachen |0 (DE-588)4120036-6 |0 (DE-603)085381241 |2 gnd | |
| 650 | 7 | |a Syntax |0 (DE-588)4058779-4 |0 (DE-603)085163449 |2 gnd | |
| 650 | 7 | |a Generative Grammatik |0 (DE-588)4113707-3 |0 (DE-603)08533717X |2 gnd | |
| 655 | 7 | |a Konferenzschrift |2 gnd-content |0 (DE-588)1071861417 |0 (DE-603)359646190 | |
| 700 | 1 | |a Mišmaš, Petra |e Verfasser |4 aut | |
| 700 | 1 | |a Žaucer, Rok |e Verfasser |4 aut |0 (DE-603)397067607 |0 (DE-588)1122224664 |2 gnd | |
| 776 | 0 | 8 | |i Erscheint auch als |n Druck-Ausgabe |t Advances in formal Slavic linguistics 2017 |d Berlin : Freie Universität Berlin Universitätsbibliothek, 2020 |h 414 Seiten |
| 856 | |u https://doi.org/10.17169/refubium-27310 |x Resolving-System | ||
| 856 | |u https://nbn-resolving.org/urn:nbn:de:kobv:188-refubium-27555-9 |x Resolving-System | ||
| 856 | |u https://refubium.fu-berlin.de/handle/fub188/27555 |x Verlag |z kostenfrei | ||
| 924 | 1 | |9 603 |a (DE-603)1114664871 |b DE-603 |c HES |d d | |
| 924 | 1 | |9 603 |a (DE-603)1182391192 |b DE-603 |c HES |d d | |
| 924 | 1 | |9 603 |a (DE-603)111466488X |b DE-603 |c HES |d d | |
| 924 | 1 | |9 603 |a (DE-603)1114664898 |b DE-603 |c HES |d d | |
| 924 | 1 | |9 603 |a (DE-603)111466491X |b DE-603 |c HES |d d | |
| 924 | 1 | |9 603 |a (DE-603)1114664928 |b DE-603 |c HES |d d | |
| 924 | 1 | |9 603 |a (DE-603)1114664936 |b DE-603 |c HES |d d | |
| 924 | 1 | |9 603 |a (DE-603)1114664944 |b DE-603 |c HES |d d | |
| 924 | 1 | |9 603 |a (DE-603)1114664952 |b DE-603 |c HES |d d | |
| 924 | 1 | |9 603 |a (DE-603)1114664979 |b DE-603 |c HES |d d | |
| 924 | 1 | |9 603 |a (DE-603)1114664987 |b DE-603 |c HES |d d | |


